| 000 | 00613cab a2200229 4500 | ||
|---|---|---|---|
| 001 | Z7138 | ||
| 008 | 090401t1995 xxu||||| |||| 00| 0 eng d | ||
| 035 | _a(Sirsi) u70202 | ||
| 041 | _aeng | ||
| 100 | _aHowell, J. | ||
| 245 | _aCavity check up | ||
| 260 | _c1995 | ||
| 350 | _a0 | ||
| 490 |
_aNew Builder _v(241) 13 January 1995, 25(1) |
||
| 520 | _aRe-examines the relative advantages and disadvantages of solid and cavity walls. | ||
| 650 | _aCAVITY WALLS | ||
| 650 | _aSOLID WALLS | ||
| 690 | _aBUILT ENVIRONMENT-CONSTRUCTION DESIGN | ||
| 700 | _aGilbey, A. | ||
| 942 | _n0 | ||
| 948 | _c04/03/1997 | ||
| 999 |
_c44160 _d44160 |
||